Super Bowl Winners - Statistics

General Stats
  • This quiz has been taken 70 times
    26 since last reset
  • The average score is 38 of 60
Answer Stats
Answer % Correct
2024 Kansas City Chiefs
100%
2023 Kansas City Chiefs
100%
2019 New England Patriots
100%
2025 Philadelphia Eagles
100%
2026 Seattle Seahawks
100%
2020 Kansas City Chiefs
94%
2022 Los Angeles Rams
94%
2017 New England Patriots
94%
2015 New England Patriots
94%
2021 Tampa Bay Buccaneers
94%
2002 New England Patriots
89%
2016 Denver Broncos
83%
2011 Green Bay Packers
83%
2007 Indianapolis Colts
83%
2005 New England Patriots
83%
2004 New England Patriots
83%
2012 New York Giants
83%
2008 New York Giants
83%
2018 Philadelphia Eagles
83%
2014 Seattle Seahawks
83%
2009 Pittsburgh Steelers
78%
2006 Pittsburgh Steelers
78%
2013 Baltimore Ravens
72%
1968 Green Bay Packers
72%
1967 Green Bay packers
72%
2010 New Orleans Saints
72%
2001 Baltimore Ravens
67%
1969 New York Jets
67%
2003 Tampa Bay Buccaneers
67%
1999 Denver Broncos
61%
1998 Denver Broncos
61%
1997 Green Bay Packers
61%
1970 Kansas City Chiefs
61%
2000 St Louis Rams
61%
1986 Chicago Bears
56%
1976 Pittsburgh Steelers
56%
1995 San Francisco 49ers
56%
1994 Dallas Cowboys
50%
1993 Dallas Cowboys
50%
1975 Pittsburgh Steelers
50%
1992 Washington Redskins
50%
1996 Dallas Cowboys
44%
1974 Miami Dolphins
44%
1973 Miami Dolphins
44%
1980 Pittsburgh Steelers
44%
1979 Pittsburgh Steelers
44%
1990 San Francisco 49ers
44%
1982 San Francisco 49ers
44%
1978 Dallas Cowboys
39%
1991 New York Giants
39%
1981 Oakland Raiders
39%
1983 Washington Redskins
39%
1972 Dallas Cowboys
33%
1984 Los Angeles Raiders
33%
1977 Oakland Raiders
33%
1989 San Francisco 49ers
33%
1985 San Francisco 49ers
33%
1988 Washington Redskins
33%
1987 New York Giants
28%
1971 Baltimore Ravens
17%
No matching quizzes found
Score Distribution
Percent of People with Each Score
Percentile by Number Answered
Your Score History
You have not taken this quiz since the last reset